000 00442nam a2200181Ia 4500
001 9259
005 20260306160710.0
008 260306t2010||||xx |||||||||||||| ||spa||
041 _aESP
082 _a378.007
_bP85
100 _aEspinoza Prendes, María Paz
_eAUT
245 0 _aEnseñanza superior, profesores y TIC
260 _c2010
300 _a161 páginas :
_c24 cm.
650 _aGEN
654 _aCED
942 _cLIB
_dJUS
_fJUS
_2ddc
_n
999 _c9259
_d9259